| 000 | 00489nam a2200193Ia 4500 | ||
|---|---|---|---|
| 008 | 220204s9999 xx 000 0 und d | ||
| 082 |
_a577.1:581.175.11 _bGOO.2;1 |
||
| 245 | 0 | _aChemistry and biochemistry of plant pigments. V 2 | |
| 250 | _aEd.2 | ||
| 260 |
_aNew York _bAcademic _c1976 |
||
| 650 | _aCarotenoid | ||
| 650 | _aChlorophyll | ||
| 650 | _aFlavonoid | ||
| 650 | _aPhytochrome | ||
| 650 | _aPlant pigment | ||
| 650 | _aQuinone | ||
| 700 | _aGOODWIN, T W | ||
| 942 | _cBK | ||
| 999 |
_c27962 _d27962 |
||